000 00951cam a2200277 a 4500
001 000011060
005 20260408170459.0
008 780705t1974 sp af b 000 0cspa d
015 _aSp75-June
020 _a8420203165
035 _a(DLC) 78370936
040 _aDO-SdBNP
_cDLC
_dDLC
_dBNPHU
043 _aa-ph---
_acl-----
082 _a980
_aG934m
100 1 _aGuerra, Francisco.
_926538
245 1 3 _aEl médico político :
_bestudios biográficos sobre la influencia del médico en la historia política de Hispanoamérica y Filipinas /
_cFrancisco Guerra.
260 _aMadrid :
_bAfrodisio Aguado,
_c1974.
300 _a350 p. :
_bil. ;
_c23 cm.
504 _aBibliografía: p. 333-341.
651 4 _aAmérica Latina
_xHistoria
_91786
650 4 _aMédicos
_zAmérica Latina
_918189
651 4 _aAmérica Latina
_xPolítica Y Gobierno.
_92618
650 0 _aEstadistas
_926539
910 _aCatalogación por copia / LC
049 _aBNGR
999 _c10786
_d10786